| 000 | 00689nam a2200205 a 4500 | ||
|---|---|---|---|
| 001 | 4128 | ||
| 005 | 20140414131853.0 | ||
| 008 | 090209s19uu xx 00 eng d | ||
| 020 | _a0-7368-2713-7 | ||
| 050 |
_aM 796.939 _bP92 2005 |
||
| 100 | _aPreszler, Eric | ||
| 245 |
_aSnowboarding / _cby Eric Preszler. |
||
| 260 |
_aMankato, Minnesota : _bCapstone Press, _cc2005. |
||
| 300 | _a32 p. : col., ill. cm. | ||
| 440 | _aEdge books, wild rides! | ||
| 500 | _aIncludes bibliographical references and index. | ||
| 520 | _aDiscusses the sport of snowboarding, including gear needed, tricks, and famous snowboarders. | ||
| 650 |
_aSnowboarding _xJuvenile literature. |
||
| 999 |
_c110324 _d110324 |
||